000 00542nam a2200217Ia 4500
003 OSt
005 20220928141103.0
006 a|||||r|||| 00| 0
007 ta
008 220927b |||||||| |||| 00| 0 eng d
024 _a13613
037 _cTextual
040 _aSDCL
_cSDCL
_beng
041 _2eng
_aeng
082 _aO-,6M19w,1, L3
100 _aRuskin John
_9499049
245 0 _aOn himself and thing in general.
260 _c1973
942 _hO-,6M19w,1, L3
_cTEXL
_2CC
999 _c816022
_d816022